000 00397pab a2200133 454500
008 180718b1988 xxu||||| |||| 00| 0 eng d
100 _aPhillip, O.A.
245 _aAn empirical preview of the proposed agricultural insurance in Nigeria
260 _c1988
300 _a5-14
650 _aInsurance, Agriculture - Nigeria
773 _aAfrican Review of Money Finance and Banking
909 _a11648
999 _c11648
_d11648